ბათუმის შოთა რუსთაველის სახელმწიფო უნივერსიტეტის ბიბლიოთეკა

Grand atlas mondial / (ბიბ.ჩანაწერი № 60662)

000 -LEADER
fixed length control field 00549nam a22001697a 4500
005 - DATE AND TIME OF LATEST TRANSACTION
control field 20231004151250.0
008 - FIXED-LENGTH DATA ELEMENTS--GENERAL INFORMATION
fixed length control field 231004s1975 fr ||||| |||| 00| 0 fre d
041 ## - LANGUAGE CODE
Language code of text/sound track or separate title fre
080 ## - UNIVERSAL DECIMAL CLASSIFICATION NUMBER
Universal Decimal Classification number 912(084.4) G-72
245 ## - TITLE STATEMENT
Title Grand atlas mondial /
Statement of responsibility, etc. Red. : Frank Debenham, Henry Gossot.
264 ## - PRODUCTION, PUBLICATION, DISTRIBUTION, MANUFACTURE, AND COPYRIGHT NOTICE
Place of production, publication, distribution, manufacture Pariz,
Date of production, publication, distribution, manufacture, or copyright notice 1975.
300 ## - PHYSICAL DESCRIPTION
Extent 248 p.:
Other physical details ill.;
Dimensions 40 cm.
653 ## - INDEX TERM--UNCONTROLLED
keyword მსოფლიო ატლასი
700 ## - ADDED ENTRY--PERSONAL NAME
Personal name Debenham, Frank
9 (RLIN) 19992
Relator term რედაქტორი
700 ## - ADDED ENTRY--PERSONAL NAME
Personal name Gossot, Henry
Relator term რედაქტორი
9 (RLIN) 19992
942 ## - ADDED ENTRY ELEMENTS (KOHA)
Source of classification or shelving scheme
Koha item type წიგნი
ეგზემპლარები
Withdrawn status Lost status Source of classification or shelving scheme Damaged status Not for loan Permanent Location Current Location Shelving location Date acquired Cost, normal purchase price Full call number Barcode Date last seen Copy number Uniform Resource Identifier Price effective from Koha item type Public note
          ბათუმის შოთა რუსთაველის სახელმწიფო უნივერსიტეტის მთავარი ბიბლიოთეკა ბათუმის შოთა რუსთაველის სახელმწიფო უნივერსიტეტის მთავარი ბიბლიოთეკა წიგნსაცავი 2023-10-04 25.00 912(084.4) G-72 65252 2023-10-04 65252 ბსუ-ს საპატიო დოქტორის გურამ ლორთქიფანიძის საჩუქარი 2023-10-04 წიგნი 25 ლ.